000 00337nam a2200133Ia 4500
008 240624s9999 xx 000 0 und d
041 _aeng
082 _a658.314 BUC
100 _aPROCTOR TONY
245 _aESSENCE OF MANAGEMENT CREATIVITY
260 _c2002
_aNew Delhi
_bPrentice-Hall
300 _ax, : 222 : p. : cm. ; 22
365 _cRS
999 _c248
_d248